| 000 | 01014nam a22002777a 4500 | ||
|---|---|---|---|
| 003 | BD-DhSAU | ||
| 005 | 20210921094409.0 | ||
| 008 | 151014b2020 bg ||||| |||| 001 0 eng d | ||
| 040 | _aBD-DhSAU | ||
| 082 |
_222 _a571.92 _bZ144 |
||
| 100 |
_azaman , Nazifa _eRegistration No: 13-05260 |
||
| 245 |
_aSurvey on Rice blast and morphological variation and in vitro management of Magnaporthe oryzae /
_bMS Thesis |
||
| 260 |
_aSher-e- Bangla Agricultural University : _bDepartment of Plant Pathology, _c2020 |
||
| 300 |
_aix, 114 p. : _bill. ; _c30 cm. |
||
| 504 | _aIncludes Bibliographic Reference | ||
| 590 | _aShofi | ||
| 650 | _aPlant Pathology | ||
| 650 | _aRice blast | ||
| 650 | _aMagnaporthe oryzae | ||
| 650 | _aMorphological variation | ||
| 651 | _2pathogenesis | ||
| 700 |
_a Aminuzzaman , F. M. _eSupervisor |
||
| 700 |
_aAkhter , Khadija _eCo-Supervisor |
||
| 856 |
_uhttp://archive.saulibrary.edu.bd:8080/xmlui/handle/123456789/3269 _yOnline Access |
||
| 942 |
_2ddc _cTHESIS |
||
| 999 |
_c15220 _d15219 |
||